000 00582cam a22002058a 4500
001 13485078
005 20250411131444.0
008 040209s2005 nju b 001 0 eng
020 _a0131503499
050 0 0 _aHD30.28
_b.D385 2005
082 0 0 _a658.4/012
_222
100 1 _aDavid, Fred R.
245 1 0 _aStrategic management :
_bconcepts and cases /
_cFred R. David.
250 _a10th ed.
260 _aUpper Saddle River, NJ :
_bPrentice Hall,
_c2005.
300 _ap. cm.
650 0 _aStrategic planning.
650 0 _aStrategic planning
_vCase studies.
942 _2lcc
_cBK
_n0
999 _c5420
_d5420